[Event "ch-city"]
[Site "Milanowek"]
[Date "2012.06.30"]
[Round "1.1"]
[White "Wierzgala, Krzysztof"]
[Black "Janczarski, Michal"]
[Result "0-1"]
[WhiteElo "1752"]
[BlackElo "2345"]
[PlyCount "60"]
[EventDate "2012.06.30"]
[EventType "swiss"]
[EventCountry "POL"]

1. e4 c5 2. Nf3 d6 3. d4 cxd4 4. Nxd4 Nf6 5. Bd3 Nc6 6. c3 e5 7. Ne2 d5 8. Bg5
dxe4 9. Bxf6 Qxd3 10. Bg5 Qxd1+ 11. Kxd1 f6 12. Be3 f5 13. g3 Be6 14. Nd2 Be7
15. f4 exf3 16. Nxf3 O-O 17. Rf1 h6 18. b3 g5 19. Kc2 f4 20. gxf4 gxf4 21. Bf2
Kh7 22. Bh4 Rae8 23. Bxe7 Rxe7 24. Rae1 Bf5+ 25. Kc1 Bd3 26. Nd2 Ref7 27. Rf3
e4 28. Rh3 f3 29. Ng3 f2 30. Rf1 e3 0-1

[Event "ch-city"]
[Site "Milanowek"]
[Date "2012.06.30"]
[Round "1.2"]
[White "Olejarczyk, Bogdan"]
[Black "Grabarczyk, Sylwester"]
[Result "0-1"]
[WhiteElo "2132"]
[BlackElo "1738"]
[Annotator "Admin"]
[PlyCount "127"]
[EventDate "2012.06.30"]
[EventType "swiss"]
[EventCountry "POL"]

1. d4 f5 2. Nf3 Nf6 3. Bf4 d6 4. e3 e6 5. Be2 Be7 6. h3 O-O 7. c3 Nc6 8. Nbd2
Nd5 9. Bh2 f4 10. e4 Nb6 11. b4 Qe8 12. b5 Nd8 13. Qb3 Qg6 14. O-O Kh8 15. e5
d5 16. a4 Nd7 17. c4 c6 18. a5 Qh6 19. b6 a6 20. c5 g5 21. Ne1 Rg8 22. Qf3 Qg7
23. Qg4 Nf8 24. Kh1 Nf7 25. g3 Nh6 26. Qf3 Nf5 27. Nc2 Ng6 28. gxf4 gxf4 29.
Rg1 Nfh4 30. Qg4 Qf7 31. Nf3 Nxf3 32. Qxf3 Bd7 33. Bd3 Raf8 34. Qh5 Be8 35. Rg4
Rg7 36. Rag1 Rfg8 37. Qh6 f3 38. Ne1 Bf8 39. Qh5 Ne7 40. Qxf7 Rxf7 41. Rxg8+
Nxg8 42. Rg3 Bh6 43. Nxf3 Bf4 44. Rg2 Nh6 45. Bg3 Bxg3 46. Rxg3 Nf5 47. Bxf5
Rxf5 48. Kg2 Bh5 49. Ng5 Bf7 50. Nxf7+ Rxf7 51. Rf3 Rg7+ 52. Kf1 Kg8 53. Rg3
Kf7 54. Ke2 Rg6 55. Ke3 Rh6 $11 56. Rf3+ Ke7 57. Rg3 Kf7 58. f4 Rh4 59. Rf3 Ke7
60. Kf2 Rh5 61. Kg3 Rf5 62. Rf2 Rh5 63. Kg4 Rf5 64. h4 $138 0-1

[Event "ch-city"]
[Site "Milanowek"]
[Date "2012.06.30"]
[Round "1.3"]
[White "Kowalik, Pawel"]
[Black "Goslawski, Michal"]
[Result "0-1"]
[WhiteElo "1722"]
[BlackElo "2113"]
[PlyCount "54"]
[EventDate "2012.06.30"]
[EventType "swiss"]
[EventCountry "POL"]

1. c4 e6 2. Nc3 d5 3. d4 c6 4. Nf3 dxc4 5. a4 Bb4 6. e4 b5 7. Bd2 a5 8. axb5
Bxc3 9. Bxc3 cxb5 10. b3 Bb7 11. bxc4 b4 12. Bb2 Bxe4 13. d5 Nf6 14. d6 Nc6 15.
Be2 O-O 16. O-O Qb6 17. Ne5 Nxe5 18. Bxe5 Nd7 19. Bf4 Qc6 20. f3 Bg6 21. Bd3
Rfc8 22. Bxg6 hxg6 23. Rc1 Qc5+ 24. Kh1 a4 25. Re1 b3 26. Be3 Qb4 27. Bd2 Qxd6
0-1

[Event "ch-city"]
[Site "Milanowek"]
[Date "2012.06.30"]
[Round "1.4"]
[White "Grochulski, Grzegorz"]
[Black "Kolinski, Daniel"]
[Result "1-0"]
[WhiteElo "2090"]
[BlackElo "1713"]
[Annotator "Admin"]
[PlyCount "63"]
[EventDate "2012.06.30"]
[EventType "swiss"]
[EventCountry "POL"]

1. e4 e5 2. f4 exf4 3. Nf3 Ne7 4. Bc4 d5 5. exd5 Nxd5 6. Bxd5 Qxd5 7. Nc3 Qh5
8. d4 Bd6 9. Qe2+ Kd8 10. O-O Bg4 11. Nb5 Re8 12. Qd3 Bxf3 13. Rxf3 Re1+ 14.
Rf1 Rxf1+ 15. Qxf1 g5 16. Nxd6 cxd6 17. Bd2 Nc6 18. Bc3 f6 $11 19. Re1 Qf7 20.
Qd3 d5 21. b4 a5 22. bxa5 Nxa5 23. Qb5 Nc4 24. Bb4 Ne3 25. Ba5+ Kc8 26. Qb6 Qd7
27. Qc5+ Kb8 28. Qf8+ Qc8 29. Qd6+ Ka7 30. Bb6+ Ka6 31. Bc7+ Kb5 32. Rb1+ 1-0

[Event "ch-city"]
[Site "Milanowek"]
[Date "2012.06.30"]
[Round "1.5"]
[White "Rzeszowski, Dominik"]
[Black "Liberadzki, Slawomir"]
[Result "0-1"]
[WhiteElo "1632"]
[BlackElo "2080"]
[Annotator "Admin"]
[PlyCount "74"]
[EventDate "2012.06.30"]
[EventType "swiss"]
[EventCountry "POL"]

1. d4 d5 2. c4 e6 3. Nc3 Nf6 4. Nf3 b6 5. Bf4 Bd6 6. Be5 Bb7 7. e3 O-O 8. cxd5
Nxd5 9. Nxd5 Bxd5 10. a3 Bxe5 11. Nxe5 Nd7 12. Nxd7 Qxd7 13. f3 Rfd8 14. Bd3 c5
15. dxc5 bxc5 16. Qc2 g6 17. Rd1 Qb7 18. Rd2 $11 Qb6 19. Re2 Bb3 20. Qc3 c4 21.
Bc2 Bxc2 22. Qxc2 Rd3 23. Kf2 Rad8 24. Rhe1 c3 25. bxc3 Qc5 26. Qa4 Rxc3 27.
Qb4 Qc7 28. Rb1 Rcd3 29. Rb3 Rxb3 30. Qxb3 Qxh2 31. Qb7 Qh4+ 32. g3 Qh2+ 33.
Kf1 Rd1+ 34. Re1 Qh1+ 35. Kf2 Qxe1+ 36. Kg2 Qh1+ 37. Kf2 Rd2# 0-1

[Event "ch-city"]
[Site "Milanowek"]
[Date "2012.06.30"]
[Round "1.7"]
[White "Borowski, Marek"]
[Black "Tomaszewska, Luiza"]
[Result "0-1"]
[WhiteElo "1587"]
[BlackElo "1969"]
[PlyCount "62"]
[EventDate "2012.06.30"]
[EventType "swiss"]
[EventCountry "POL"]

1. d4 Nf6 2. Nf3 d6 3. c4 Nbd7 4. Nc3 e5 5. e4 Be7 6. Be2 O-O 7. O-O c6 8. Re1
Qc7 9. Bg5 Re8 10. Rc1 Nf8 11. Bxf6 Bxf6 12. h3 Ng6 13. d5 Be7 14. Bf1 c5 15.
b3 f5 16. exf5 Bxf5 17. Bd3 Qd7 18. Bxf5 Qxf5 19. Qc2 Qh5 20. Ne2 Rf8 21. Ng3
Qh6 22. Nf5 Rxf5 23. Qxf5 Nf4 24. Rc3 Rf8 25. Qd7 Bd8 26. Nh2 Ba5 27. Rce3 Bxe1
28. Rxe1 Qg6 29. g3 Nd3 30. Rf1 Nxf2 31. Rxf2 Qxg3+ 0-1

[Event "ch-city"]
[Site "Milanowek"]
[Date "2012.06.30"]
[Round "1.8"]
[White "Kowalska, Elzbieta"]
[Black "Woloszyn, Piotr"]
[Result "1-0"]
[WhiteElo "1927"]
[BlackElo "1581"]
[PlyCount "141"]
[EventDate "2012.06.30"]
[EventType "swiss"]
[EventCountry "POL"]

1. e4 e5 2. Nf3 Nf6 3. Nxe5 d6 4. Nf3 Nxe4 5. d4 d5 6. Nbd2 Be7 7. Be2 O-O 8.
O-O Nd7 9. c4 c6 10. Bd3 Ndf6 11. c5 b6 12. Ne5 Bb7 13. b4 a5 14. Qb3 a4 15.
Qc2 Nxd2 16. Bxd2 b5 17. Rae1 Re8 18. g4 Ne4 19. Bxe4 dxe4 20. Rxe4 Bf6 21. f4
Qd5 22. Rfe1 Rad8 23. Nf3 Rxe4 24. Qxe4 Qxe4 25. Rxe4 Kf8 26. g5 Be7 27. Bc3 f6
28. h4 Bc8 29. Kf2 Kf7 30. Re1 Be6 31. a3 Bf5 32. h5 Bg4 33. g6+ hxg6 34. hxg6+
Ke8 35. Nh4 Rd5 36. Kg3 Bd7 37. Nf3 Rh5 38. Re4 Rh3+ 39. Kf2 Bg4 40. Re3 Rh6
41. d5 cxd5 42. Nd4 Kd7 43. Nxb5 Rxg6 44. Bd4 Bf5 45. Rg3 Bg4 46. Nc3 f5 47.
Nxd5 Bh4 48. Kg2 Bf3+ 49. Kxf3 Rxg3+ 50. Ke2 g6 51. Nc3 Rg2+ 52. Kd3 Be1 53.
Nxa4 g5 54. fxg5 Rxg5 55. Nb6+ Kc6 56. Kc4 Rg6 57. b5+ Kc7 58. c6 Rg4 59. Nd5+
Kd6 60. Nf6 Rh4 61. Ne8+ Ke7 62. Ng7 Rg4 63. Nxf5+ Ke6 64. c7 Kd7 65. b6 Bf2
66. Kd5 Bxd4 67. Nxd4 Rg5+ 68. Kc4 Kc8 69. Nb5 Rg4+ 70. Kc5 Rg5+ 71. Kc6 1-0

[Event "ch-city"]
[Site "Milanowek"]
[Date "2012.06.30"]
[Round "1.9"]
[White "Trocha, Adam"]
[Black "Brudzinski, Maciej"]
[Result "0-1"]
[WhiteElo "1560"]
[BlackElo "1913"]
[PlyCount "110"]
[EventDate "2012.06.30"]
[EventType "swiss"]
[EventCountry "POL"]

1. c4 e5 2. Nc3 Nf6 3. Nf3 d6 4. d3 g6 5. Bg5 c6 6. Ne4 Nbd7 7. Qc1 h6 8. Nxf6+
Nxf6 9. Bd2 Be6 10. g3 e4 11. dxe4 Nxe4 12. Bc3 f6 13. Nh4 Qb6 14. e3 Rg8 15.
Bg2 Nxc3 16. Qxc3 Bg7 17. Rb1 f5 18. Qd3 Qb4+ 19. Qd2 Qxd2+ 20. Kxd2 g5 21. Nf3
Bxc4 22. b3 Bd5 23. Rhd1 a5 24. Ke2 Be4 25. Rbc1 Bb2 26. Rc4 b5 27. Rxe4+ fxe4
28. Nd4 Bxd4 29. Rxd4 d5 30. Rd1 g4 31. Rc1 Rg6 32. Kd2 Rf6 33. Ke1 Kd7 34. h3
Raf8 35. Rc2 h5 36. Rd2 Kc7 37. Rc2 Kd6 38. Rd2 Kc5 39. a3 Kb6 40. Bf1 Rf5 41.
Rc2 c5 42. a4 bxa4 43. bxa4 c4 44. Rb2+ Kc6 45. h4 R5f7 46. Bg2 Rb7 47. Rxb7
Kxb7 48. Bf1 Kc6 49. Be2 Rb8 50. Bd1 Rb2 51. Kf1 Kc5 52. Ke1 c3 53. Kf1 Kc4 54.
Ke1 Kd3 55. Kf1 Kd2 0-1

[Event "ch-city"]
[Site "Milanowek"]
[Date "2012.06.30"]
[Round "1.10"]
[White "Rogalski, Krzysztof"]
[Black "Fraczek, Lukasz"]
[Result "1-0"]
[WhiteElo "1855"]
[BlackElo "1557"]
[PlyCount "169"]
[EventDate "2012.06.30"]
[EventType "swiss"]
[EventCountry "POL"]

1. d4 Nf6 2. c4 g6 3. Nc3 Bg7 4. e4 d6 5. Be2 O-O 6. Bg5 Nbd7 7. Nf3 e5 8. d5
a5 9. h3 Nc5 10. Nd2 Qe8 11. O-O Nfd7 12. Nb3 a4 13. Nc1 h6 14. Be3 f5 15. exf5
gxf5 16. f4 e4 17. Qd2 Kh7 18. Rb1 Rg8 19. Kh2 h5 20. g3 Bf6 21. Rg1 Nb6 22.
Bd4 Qf7 23. Bxf6 Qxf6 24. b4 axb3 25. axb3 h4 26. g4 fxg4 27. hxg4 Re8 28. Qe3
Kh8 29. Nb5 Na6 30. Qd4 Qxd4 31. Nxd4 Bd7 32. f5 Nb4 33. Ne6 Rac8 34. Nf4 c6
35. dxc6 bxc6 36. Rb2 d5 37. c5 Na8 38. Rd2 Nc7 39. Rd4 Nba6 40. b4 Rb8 41. Na2
Ra8 42. Nc3 Rab8 43. Rb1 Kg7 44. Ng6 Rb7 45. Na4 Reb8 46. Nb6 Be8 47. Nxh4 Ra7
48. g5 Na8 49. f6+ Kh7 50. Na4 N6c7 51. Nc3 Ne6 52. Rdd1 Nxg5 53. Rg1 Ne6 54.
Bg4 Nac7 55. Bf5+ Kh8 56. Rg3 Bh5 57. Rbg1 Rab7 58. Ng6+ Kg8 59. Nf4+ Bg6 60.
Nxe6 Kf7 61. Bxg6+ Kxe6 62. f7 Ke7 63. Bh5 Rxb4 64. Rg8 Rb3 65. Rxb8 Rxb8 66.
Rg8 Rf8 67. Kg3 Ne6 68. Rxf8 Kxf8 69. Na4 Nd8 70. Kf4 Nxf7 71. Bxf7 Kxf7 72.
Ke5 Ke7 73. Nc3 Kd7 74. Ne2 Ke7 75. Nd4 Kd7 76. Kf6 Kc7 77. Ke6 e3 78. Ke7 Kb7
79. Kd6 Kc8 80. Kxc6 Kb8 81. Kxd5 Kc7 82. c6 Kc8 83. Kd6 Kd8 84. c7+ Kc8 85.
Ne2 1-0

[Event "ch-city"]
[Site "Milanowek"]
[Date "2012.06.30"]
[Round "1.11"]
[White "Starczewski, Michal"]
[Black "Borowy, Cezary"]
[Result "1/2-1/2"]
[WhiteElo "1541"]
[BlackElo "1851"]
[PlyCount "89"]
[EventDate "2012.06.30"]
[EventType "swiss"]
[EventCountry "POL"]

1. d4 Nf6 2. c4 e6 3. e3 d5 4. Nc3 c6 5. Nf3 a6 6. Bd3 dxc4 7. Bxc4 b5 8. Bd3
Bb7 9. Ne4 Nbd7 10. O-O c5 11. Nxf6+ Nxf6 12. Bd2 Be7 13. Be2 O-O 14. Rc1 c4
15. Ne5 Nd7 16. Nxd7 Qxd7 17. Bf3 Rfd8 18. Bxb7 Qxb7 19. a4 Bf6 20. axb5 axb5
21. b3 e5 22. dxe5 Bxe5 23. bxc4 bxc4 24. Qc2 Qd5 25. Bc3 Bxc3 26. Qxc3 Rac8
27. Qc2 Qd3 28. Qxd3 Rxd3 29. Rc2 Rd5 30. e4 Re5 31. f3 f5 32. exf5 Rxf5 33.
Rfc1 Rfc5 34. Kf2 R5c7 35. Rc3 Kf7 36. Re1 Kf6 37. Re4 g5 38. h4 h6 39. hxg5+
hxg5 40. g4 Rc6 41. f4 gxf4 42. Rxf4+ Kg5 43. Kg3 Rc5 44. Rd4 R8c6 45. Rf4
1/2-1/2

[Event "ch-city"]
[Site "Milanowek"]
[Date "2012.06.30"]
[Round "1.12"]
[White "Katus, Tomasz"]
[Black "Dabrowski, Mikolaj"]
[Result "0-1"]
[WhiteElo "1841"]
[BlackElo "1521"]
[PlyCount "60"]
[EventDate "2012.06.30"]
[EventType "swiss"]
[EventCountry "POL"]

1. e4 c5 2. Nf3 d6 3. d4 cxd4 4. Nxd4 Nf6 5. Nc3 a6 6. f3 b5 7. Be3 e5 8. Nb3
Be6 9. Qd2 Nbd7 10. g4 Nb6 11. Bxb6 Qxb6 12. O-O-O Bc4 13. h4 a5 14. Kb1 a4 15.
Nc1 Bxf1 16. Rhxf1 b4 17. Nd5 Nxd5 18. exd5 g6 19. f4 Bg7 20. fxe5 dxe5 21.
Rde1 Qd6 22. Nd3 b3 23. Nxe5 bxc2+ 24. Kc1 O-O 25. Nc4 Qc5 26. Ne5 Rab8 27.
Qxc2 Qxd5 28. Nc4 Rfc8 29. b3 axb3 30. axb3 Ra8 0-1

[Event "ch-city"]
[Site "Milanowek"]
[Date "2012.06.30"]
[Round "1.13"]
[White "Szustakowski, Antoni"]
[Black "Hagner, Pawel"]
[Result "1/2-1/2"]
[WhiteElo "1491"]
[BlackElo "1828"]
[Annotator "Admin"]
[PlyCount "57"]
[EventDate "2012.06.30"]
[EventType "swiss"]
[EventCountry "POL"]

1. d4 Nf6 2. c4 g6 3. Nc3 Bg7 4. e4 d6 5. f3 Nbd7 6. Be3 c6 7. Bd3 a6 8. b3 b5
9. a3 O-O 10. Nge2 e5 11. O-O Nh5 12. Qc2 Nf4 13. Nxf4 exf4 14. Bf2 bxc4 15.
bxc4 c5 16. Ne2 cxd4 17. Nxd4 Ne5 18. Rab1 Qg5 19. Kh1 Qe7 20. Ne2 g5 21. Nd4
Be6 22. Rfc1 Rfc8 23. Qe2 Rab8 24. Rb4 Rxb4 25. axb4 Nc6 26. Nxc6 Rxc6 27. Be1
Qb7 28. Bd2 h6 29. h3 $11 1/2-1/2

[Event "ch-city"]
[Site "Milanowek"]
[Date "2012.06.30"]
[Round "1.14"]
[White "Cyra, Dariusz"]
[Black "Jarzebowski, Kacper"]
[Result "1-0"]
[WhiteElo "1819"]
[BlackElo "1301"]
[PlyCount "83"]
[EventDate "2012.06.30"]
[EventType "swiss"]
[EventCountry "POL"]

1. d4 Nf6 2. c4 d6 3. Nc3 e5 4. d5 g6 5. e4 Bg7 6. Bd3 c6 7. Nge2 cxd5 8. cxd5
Nbd7 9. O-O Nc5 10. Bc2 O-O 11. b4 Na6 12. a3 Bg4 13. f3 Bd7 14. Be3 Rc8 15.
Bd3 Nc7 16. Bxa7 b5 17. Be3 Ra8 18. Qd2 Ra6 19. a4 Qb8 20. a5 Ra8 21. Bb6 Rc8
22. Rac1 Ra6 23. Rc2 Rxb6 24. axb6 Qxb6+ 25. Kh1 Na6 26. Na2 h5 27. Rxc8+ Bxc8
28. Nec3 Bd7 29. Qf2 Qb7 30. Qe2 Nc7 31. Ra1 Bh6 32. Nc1 Bxc1 33. Rxc1 Qa6 34.
Qb2 Nfe8 35. Ra1 Qb6 36. Nd1 Kh7 37. Qf2 Qb7 38. f4 Kg7 39. Ne3 exf4 40. Qxf4
Qb6 41. Qf2 Qd4 42. Nf5+ 1-0

[Event "ch-city"]
[Site "Milanowek"]
[Date "2012.07.01"]
[Round "2.1"]
[White "Janczarski, Michal"]
[Black "Kowalska, Elzbieta"]
[Result "1-0"]
[WhiteElo "2345"]
[BlackElo "1927"]
[PlyCount "107"]
[EventDate "2012.07.01"]
[EventType "swiss"]
[EventCountry "POL"]

1. c4 c5 2. Nc3 Nf6 3. g3 e6 4. Nf3 d5 5. cxd5 exd5 6. d4 cxd4 7. Nxd4 Nc6 8.
Bg2 Bb4 9. O-O O-O 10. Bg5 Be6 11. Rc1 h6 12. Bf4 g5 13. Be3 Ng4 14. Nxc6 bxc6
15. Bd2 f5 16. Qa4 Bxc3 17. Bxc3 Bd7 18. Qd4 Qf6 19. Qc5 Qf7 20. Rcd1 Nf6 21.
Qd4 Kh7 22. b4 a6 23. a4 Rae8 24. Qd3 Ne4 25. Ba1 Nd6 26. Rc1 Nc4 27. Rfd1 Be6
28. Qd4 Qe7 29. e4 fxe4 30. Bxe4+ dxe4 31. Qxe4+ Bf5 32. Qxc4 Be4 33. Re1 Qf7
34. Qd4 Bd5 35. Bb2 Kg6 36. g4 h5 37. h3 Rg8 38. Rxe8 Qxe8 39. b5 axb5 40. axb5
Qf7 41. Qd3+ Kh6 42. bxc6 Qf3 43. Qxf3 Bxf3 44. c7 Rc8 45. Kh2 hxg4 46. Kg3 Bb7
47. hxg4 Rf8 48. Rc3 Bc8 49. Bc1 Rf6 50. Rc5 Rg6 51. Be3 Rg7 52. Kg2 Rg8 53. f3
Bb7 54. Kg3 1-0

[Event "ch-city"]
[Site "Milanowek"]
[Date "2012.07.01"]
[Round "2.2"]
[White "Goslawski, Michal"]
[Black "Brudzinski, Maciej"]
[Result "1-0"]
[WhiteElo "2113"]
[BlackElo "1913"]
[PlyCount "123"]
[EventDate "2012.07.01"]
[EventType "swiss"]
[EventCountry "POL"]

1. e4 d6 2. d4 Nf6 3. Nc3 e5 4. dxe5 dxe5 5. Qxd8+ Kxd8 6. Nf3 Nbd7 7. Ng5 Ke8
8. Bc4 Bb4 9. Bxf7+ Ke7 10. Bb3 h6 11. Ne6 Nxe4 12. O-O Nxc3 13. bxc3 Ba5 14.
Nxg7 Nc5 15. Ba3 b6 16. Bb4 h5 17. Bd5 Rb8 18. Rab1 Bxb4 19. cxb4 Na4 20. Bf3
Kf7 21. Nxh5 e4 22. Be2 Be6 23. Ng3 Nc3 24. Ra1 Rbd8 25. Rfe1 Rd2 26. a4 Rh4
27. a5 Rxc2 28. Rac1 Rxc1 29. Rxc1 Nd5 30. axb6 axb6 31. b5 Ke7 32. Rc4 Rh8 33.
Rxe4 Nc3 34. Re3 Nxe2+ 35. Nxe2 Rd8 36. h4 Rd1+ 37. Kh2 Kd6 38. Nc3 Rd4 39. g3
Bc4 40. h5 Kc5 41. h6 Bd3 42. Re7 Rd6 43. Rxc7+ Kb4 44. Rc6 Rd7 45. f4 Rb7 46.
g4 Bxb5 47. Nxb5 Kxb5 48. Re6 Kc4 49. g5 b5 50. g6 b4 51. g7 Rb8 52. h7 b3 53.
g8=Q Rxg8 54. hxg8=Q b2 55. Re2+ Kc3 56. Qg3+ Kd4 57. Qe3+ Kc4 58. Rc2+ Kb4 59.
Qb6+ Ka3 60. Qxb2+ Ka4 61. Qb1 Ka3 62. Ra2# 1-0

[Event "ch-city"]
[Site "Milanowek"]
[Date "2012.07.01"]
[Round "2.3"]
[White "Grabarczyk, Sylwester"]
[Black "Grochulski, Grzegorz"]
[Result "0-1"]
[WhiteElo "1738"]
[BlackElo "2090"]
[PlyCount "105"]
[EventDate "2012.07.01"]
[EventType "swiss"]
[EventCountry "POL"]

1. Nc3 d5 2. d4 Nf6 3. Nf3 Bf5 4. a3 Nbd7 5. Nh4 Bg6 6. Nxg6 hxg6 7. Bg5 e6 8.
e4 dxe4 9. Nxe4 Be7 10. Nc3 c5 11. dxc5 Nxc5 12. Bb5+ Kf8 13. Qf3 a6 14. Be2 b5
15. Rd1 Nfd7 16. Be3 Qb8 17. Bf4 Qc8 18. b4 Nb7 19. O-O g5 20. Bc1 Qc7 21. g3
Ne5 22. Qe3 f6 23. f4 gxf4 24. Rxf4 Rd8 25. Rdf1 Rc8 26. Bb2 Ke8 27. Bd3 Nd6
28. Ba1 Qd7 29. Rd1 g5 30. Rd4 Qc6 31. Rf1 Bd8 32. Ne4 Nf5 33. Rxf5 exf5 34.
Nd6+ Kf8 35. Nxc8 Nf3+ 36. Qxf3 Qxf3 37. Rxd8+ Kg7 38. Bxf6+ Kxf6 39. Rxh8 Qd1+
40. Kg2 Qd2+ 41. Kg1 Qe1+ 42. Kg2 Qd2+ 43. Kg1 f4 44. gxf4 gxf4 45. Rh6+ Ke5
46. Rh5+ Kd4 47. Rf5 Kc3 48. h4 Qe1+ 49. Kg2 Qxh4 50. Nb6 Qg3+ 51. Kf1 Qf3+ 52.
Ke1 Qe3+ 53. Kd1 0-1

[Event "ch-city"]
[Site "Milanowek"]
[Date "2012.07.01"]
[Round "2.4"]
[White "Liberadzki, Slawomir"]
[Black "Rogalski, Krzysztof"]
[Result "1-0"]
[WhiteElo "2080"]
[BlackElo "1855"]
[PlyCount "91"]
[EventDate "2012.07.01"]
[EventType "swiss"]
[EventCountry "POL"]

1. e4 c5 2. c3 Nc6 3. d4 cxd4 4. cxd4 d6 5. Nc3 g6 6. Be3 Bg7 7. Qd2 Nf6 8. f3
a6 9. Nge2 Bd7 10. g4 h5 11. g5 Ng8 12. Bg2 e5 13. O-O Nge7 14. Rad1 O-O 15.
dxe5 Nxe5 16. b3 Nc8 17. f4 Nc6 18. f5 Be5 19. Nf4 N8e7 20. f6 Nc8 21. h3 Qa5
22. Ncd5 Qxd2 23. Rxd2 Rb8 24. Nd3 Bd4 25. Bxd4 Nxd4 26. N3f4 Ne6 27. Ne7+ Nxe7
28. fxe7 Rfe8 29. Nd5 Kg7 30. Rdf2 Nxg5 31. h4 Nh3+ 32. Bxh3 Bxh3 33. Rxf7+ Kg8
34. R1f6 Rbc8 35. Nf4 Bg4 36. Nxg6 Bd7 37. Nf8 Bg4 38. Rh7 Rxf8 39. exf8=Q+
Rxf8 40. Rxf8+ Kxh7 41. Rf7+ Kg6 42. Rxb7 Kf6 43. Rb6 Be2 44. Kf2 Bd3 45. Rxd6+
Ke5 46. Rxd3 1-0

[Event "ch-city"]
[Site "Milanowek"]
[Date "2012.07.01"]
[Round "2.5"]
[White "Dabrowski, Mikolaj"]
[Black "Sielicki, Tomasz"]
[Result "1/2-1/2"]
[WhiteElo "1521"]
[BlackElo "2011"]
[Annotator "Admin"]
[PlyCount "89"]
[EventDate "2012.07.01"]
[EventType "swiss"]
[EventCountry "POL"]

1. Nf3 d6 2. b3 e5 3. d4 e4 4. Nfd2 f5 5. e3 Nf6 6. c4 Be7 7. f3 c6 8. Ba3 O-O
9. Be2 Na6 10. O-O Nc7 11. fxe4 fxe4 12. Nc3 d5 13. Bxe7 Qxe7 14. Qe1 Bd7 15.
Qg3 Nce8 16. Rf4 Qb4 17. Rc1 a5 18. a4 b5 19. axb5 cxb5 20. c5 a4 21. bxa4 bxa4
22. Qe1 Nc7 23. Nf1 Qa5 24. Na2 Qxe1 25. Rxe1 Rfb8 26. Rf2 Rb2 27. Bd1 a3 28.
Ree2 Rab8 29. Nc3 Ng4 30. Rxb2 axb2 31. Bxg4 Bxg4 32. Nb1 Rb3 33. Rc2 Bc8 34.
Rc3 Rb4 35. Kf2 Ba6 36. Ra3 Kf7 37. Nfd2 Ke6 38. Kg3 Bb5 39. Ra7 Kd7 40. Kf4
Bd3 41. Ra2 Kc6 42. Ke5 Rb8 43. h4 Na6 44. Ke6 Re8+ $11 45. Kf7 1/2-1/2

[Event "ch-city"]
[Site "Milanowek"]
[Date "2012.07.01"]
[Round "2.6"]
[White "Tomaszewska, Luiza"]
[Black "Cyra, Dariusz"]
[Result "0-1"]
[WhiteElo "1969"]
[BlackElo "1819"]
[PlyCount "80"]
[EventDate "2012.07.01"]
[EventType "swiss"]
[EventCountry "POL"]

1. d4 e6 2. Nf3 f5 3. Nc3 Nf6 4. Bg5 Be7 5. e3 b6 6. Bd3 Bb7 7. Qe2 Ne4 8. Bxe7
Qxe7 9. Bxe4 Bxe4 10. O-O-O Bxf3 11. Qxf3 d5 12. h4 Nd7 13. Qg3 O-O-O 14. Rd3
Nf6 15. f3 Kb7 16. Na4 Qd7 17. b3 g6 18. Kb1 Qd6 19. Qf2 e5 20. Rc1 e4 21. Rd2
exf3 22. gxf3 Rhe8 23. c4 f4 24. exf4 Qxf4 25. c5 Re6 26. Re2 Rde8 27. Rec2 c6
28. cxb6 axb6 29. Nb2 Rc8 30. Nd3 Qf5 31. Ne5 Nh5 32. Qd2 Nf4 33. Ka1 Rd6 34.
Qb4 Qf6 35. a4 c5 36. Qb5 Ne6 37. Nd7 Nxd4 38. Nxf6 Nxb5 39. Nxh7 Nd4 40. Rc3
Ne2 0-1

[Event "ch-city"]
[Site "Milanowek"]
[Date "2012.07.01"]
[Round "2.7"]
[White "Borowy, Cezary"]
[Black "Szustakowski, Antoni"]
[Result "1-0"]
[WhiteElo "1851"]
[BlackElo "1491"]
[PlyCount "87"]
[EventDate "2012.07.01"]
[EventType "swiss"]
[EventCountry "POL"]

1. Nf3 Nf6 2. g3 g6 3. Bg2 d5 4. c4 dxc4 5. Na3 c3 6. bxc3 Nc6 7. d4 e6 8. O-O
Bg7 9. Rb1 O-O 10. Nc4 Ne4 11. Qc2 Nf6 12. e4 b6 13. Bg5 h6 14. e5 hxg5 15.
exf6 Bxf6 16. Nfe5 Bxe5 17. Bxc6 Bg7 18. Bxa8 Ba6 19. Qa4 Bxc4 20. Qxc4 Qxa8
21. Rfe1 Rd8 22. Qa6 Qc6 23. Re3 Kh7 24. Qb5 Qxb5 25. Rxb5 a6 26. Rb1 Rd5 27.
Rb4 a5 28. Rc4 Rd7 29. Rc6 Kg8 30. Kf1 Kf8 31. Ke2 Bf6 32. d5 Rxd5 33. Rxc7 Bd8
34. Rb7 Rb5 35. Rd3 Rd5 36. Rxd5 exd5 37. Rd7 Ke8 38. Rxd5 Be7 39. g4 Kf8 40.
Kd3 Kg7 41. Kc4 Bc5 42. Rxc5 bxc5 43. Kxc5 Kf6 44. Kd6 1-0

[Event "ch-city"]
[Site "Milanowek"]
[Date "2012.07.01"]
[Round "2.8"]
[White "Hagner, Pawel"]
[Black "Starczewski, Michal"]
[Result "1-0"]
[WhiteElo "1828"]
[BlackElo "1541"]
[PlyCount "115"]
[EventDate "2012.07.01"]
[EventType "swiss"]
[EventCountry "POL"]

1. d4 Nf6 2. Nf3 g6 3. Bf4 Bg7 4. e3 O-O 5. c3 d6 6. Nbd2 Nbd7 7. Be2 c5 8. h3
a6 9. a4 cxd4 10. exd4 Re8 11. O-O e5 12. dxe5 dxe5 13. Bh2 Nd5 14. Ne4 N7b6
15. a5 Bf5 16. Ng3 Nc8 17. Nxf5 gxf5 18. Bc4 Nf4 19. Bxf4 exf4 20. Qb3 Nd6 21.
Rad1 Qc7 22. Rxd6 Qxd6 23. Bxf7+ Kh8 24. Bxe8 Rxe8 25. Ng5 Qe7 26. Nf7+ Kg8 27.
Nh6+ Kh8 28. Nxf5 Qd7 29. Nxg7 Qxg7 30. Qd5 Rf8 31. Rd1 f3 32. Qd4 Rf6 33. Qg4
Qe7 34. Rd7 Qe1+ 35. Kh2 Qe5+ 36. Qg3 Qxg3+ 37. Kxg3 fxg2 38. Kxg2 b6 39. axb6
Rxb6 40. b4 Rc6 41. Rd3 Kg8 42. f4 Kf7 43. Kf3 Rh6 44. Ke4 Re6+ 45. Kd5 Ke7 46.
Kc5 h5 47. c4 h4 48. b5 axb5 49. cxb5 Re4 50. Rf3 Kd7 51. Kb6 Ke6 52. Kb7 Kf5
53. b6 Re7+ 54. Ka6 Re6 55. Ka7 Ke4 56. Rf1 Kf5 57. b7 Re7 58. Ka8 1-0

[Event "ch-city"]
[Site "Milanowek"]
[Date "2012.07.01"]
[Round "2.9"]
[White "Tomaszewski, Wieslaw"]
[Black "Olejarczyk, Bogdan"]
[Result "0-1"]
[WhiteElo "1619"]
[BlackElo "2132"]
[PlyCount "74"]
[EventDate "2012.07.01"]
[EventType "swiss"]
[EventCountry "POL"]

1. a3 d5 2. e3 Bf5 3. Nf3 e6 4. d3 h6 5. Be2 Nf6 6. b3 Be7 7. Bb2 c5 8. c4 Nc6
9. Nbd2 O-O 10. O-O Qd6 11. d4 b6 12. Rc1 Ne4 13. dxc5 bxc5 14. Nxe4 Bxe4 15.
Nd2 Bh7 16. cxd5 exd5 17. Nf3 Rfd8 18. Bb5 Rab8 19. a4 Rb6 20. Ba3 Nb4 21. Bxb4
cxb4 22. Nd4 a6 23. a5 Rxb5 24. Nxb5 axb5 25. Qd4 Bf6 26. Qc5 Bc3 27. Qxb5 Rb8
28. Qa4 Bd3 29. Rfd1 Be2 30. a6 Bxd1 31. a7 Ra8 32. Rxd1 Qc5 33. g3 Rxa7 34.
Qe8+ Kh7 35. e4 d4 36. h4 Re7 37. Qa8 Qe5 0-1

[Event "ch-city"]
[Site "Milanowek"]
[Date "2012.07.01"]
[Round "2.10"]
[White "Borowski, Marek"]
[Black "Katus, Tomasz"]
[Result "1-0"]
[WhiteElo "1587"]
[BlackElo "1841"]
[PlyCount "75"]
[EventDate "2012.07.01"]
[EventType "swiss"]
[EventCountry "POL"]

1. d4 c6 2. e4 d5 3. e5 Bf5 4. Nf3 e6 5. Bd3 Bxd3 6. Qxd3 Nh6 7. Bxh6 gxh6 8.
Nbd2 Nd7 9. c4 dxc4 10. Nxc4 Bb4+ 11. Ke2 Nb6 12. b3 Qc7 13. a3 Nd5 14. g3 Bf8
15. b4 a6 16. Rhc1 O-O-O 17. Na5 Qb6 18. Rc4 Bg7 19. Rac1 Ne7 20. Qe4 Rd5 21.
Rc5 Rxc5 22. dxc5 Qc7 23. Nc4 Nd5 24. Nd6+ Kb8 25. Nd2 Qe7 26. f4 f6 27. N2c4
fxe5 28. Nxe5 Kc7 29. h4 Bf6 30. a4 Rd8 31. b5 axb5 32. axb5 cxb5 33. Nxb5+ Kb8
34. Qa4 Nc7 35. Qa7+ Kc8 36. Nd6+ Rxd6 37. cxd6 Qxd6 38. Qa8# 1-0